| 000 | 00607nam a2200181 i 4500 | ||
|---|---|---|---|
| 001 | 22755 | ||
| 003 | ES-MaACL | ||
| 005 | 20250807065758.0 | ||
| 007 | t| | ||
| 008 | 021204s1863 sp ||||1| spa d | ||
| 100 | 1 |
_aAlonso y Rubio, Francisco. _920432 |
|
| 245 | 1 | 3 |
_aLa mujer bajo el punto de vista filosófico, social y moral : _bsus deberes en relación con la familia y la sociedad / _cpor Francisco Alonso y Rubio. |
| 260 |
_aMadrid : _b[s.n., _c1863] ( _fF. Gamayo) |
||
| 300 |
_aXVI, 257 p. ; _c22 cm. |
||
| 650 | 7 |
_aMujeres _2embne _915251 |
|
| 852 | 4 |
_aES-MaACL _jG-10833 |
|
| 999 |
_c22755 _d22755 |
||